000 00602nam a2200193 a 4500
001 000007367
005 20251009130555.0
008 090908s2001 dr 000 0 spa d
040 _aDO-SdBNP
_bspa
_cBNPHU
082 _aRD868.4
_bG993a
100 1 _aGuzmán, Cecilia
_9794
245 1 0 _aAntología de Aurora Tavárez Belliard /
_cCecilia Guzmán.
260 _aSanto Domingo :
_bLetra gráfica,
_c2001.
300 _a188 p ;
_c22 cm.
590 _aInventariado, 2019/MFF
650 0 _aAntología literaria
_920495
650 0 _aLiteratura dominicana.
_967
910 _aValidado. Control de calidad MFF
999 _c7148
_d7148